| 000 | 01639nam a2200325Ia 4500 | ||
|---|---|---|---|
| 999 |
_c5187 _d5187 |
||
| 003 | OSt | ||
| 005 | 20200408190113.0 | ||
| 008 | 191128s2008 mx gr 001 0 spa d | ||
| 020 | _a9789681683412 | ||
| 040 |
_aCO-JMCR _cCO-JMCR |
||
| 041 | 0 |
_aspa _heng |
|
| 082 | 0 | 4 |
_a323.044 / _bH744v _221 |
| 100 | 1 |
_aHayner, Priscilla B, _eautor _92877 |
|
| 245 | 1 | 0 |
_aVerdades innombrables : _bel reto de las comisiones de la verdad / _cPriscilla B. Hayner, traducción Jesús Cuéllar |
| 250 | _aPrimera edición | ||
| 260 |
_aMéxico : _bFondo de Cultura Económica, _c2008 |
||
| 300 |
_a432 páginas ; _c23 cm. |
||
| 490 | 0 | _aSección de obras de sociología | |
| 500 | _aIncluye índice analítico. | ||
| 500 | _aTítulo original : Unspeakable truths. Facing the challenge of truth commissions. | ||
| 505 | 0 | _aEnfrentar los crímenes del pasado -- ¿Por qué instituir una comisión de la verdad? -- Cinco comisiones de la verdad ilustrativas -- Deiciséis comisiones menos prominentes -- ¿Qué es la verdad? -- Verdad frente a justicia hay que elegia -- Dar los nombres | |
| 520 | _a¿Qué se debe hacer con una historia reciente repleta de víctimas, perpretradores, cadáveres enterrados en secretos, miedo penetrante y negación oficial? ¿Acaso ese pasado debe ser exhumado, preservado, reconocido y ser objeto de disculpas? | ||
| 546 | _aTraducido del inglés | ||
| 650 | 1 | 4 |
_aComisiones de la verdad _92878 |
| 650 | 1 | 4 |
_aDerechos humanos _92879 |
| 650 | 1 | 4 |
_aJusticia social _92880 |
| 650 | 1 | 4 |
_aVerdad, justicia y reparación _xestudio de casos _92881 |
| 700 |
_aCuellar, Jesús, _etraductor _92882 |
||
| 942 |
_2ddc _cBK |
||